| 000 | 00686nam a22002057a 4500 | ||
|---|---|---|---|
| 999 |
_c8685 _d8685 |
||
| 003 | AR-CdUCM | ||
| 008 | 190325b ||||| |||| 00| 0 spa d | ||
| 040 |
_aMUNICIPALIDAD PROVINCIAL DEL CUSCO _cBIBLIOTECA MUNICIPAL DEL CUSCO |
||
| 082 |
_a574.075 / _bG18 |
||
| 100 |
_aGamow, G. _9879 |
||
| 245 | _aLos Echos de la vida / | ||
| 260 |
_aMexico : _bFondo de cultura economica , _c1959. |
||
| 300 |
_a119 páginas ; _c17.2 cm. |
||
| 505 | _aReflexiones y Contenido filosofico sobre la ciencia segun el Autor del mismo libro. | ||
| 650 |
_aFilosofia Cientifica _924269 |
||
| 650 |
_aMetafisica _92817 |
||
| 650 |
_aReflexiones Cientificas _924270 |
||
| 942 |
_2ddc _cLIBROS |
||
| 945 | _artm | ||